Linne & Ringsrud's clinical laboratory science : concepts, procedures, and clinical applications (7th edition) (Record no. 31918)
[ view plain ]
| 000 -LEADER | |
|---|---|
| fixed length control field | 00719nam a2200169 a 4500 |
| 008 - FIXED-LENGTH DATA ELEMENTS--GENERAL INFORMATION | |
| fixed length control field | 191125s2016 ||||||||||||||||| || u |
| 020 ## - INTERNATIONAL STANDARD BOOK NUMBER | |
| International Standard Book Number | 9780323225458 |
| 050 ## - LIBRARY OF CONGRESS CALL NUMBER | |
| Classification number | RB 37 Tur |
| 100 ## - MAIN ENTRY--PERSONAL NAME | |
| Personal name | Turgeon, Mary Louise |
| 245 10 - TITLE STATEMENT | |
| Title | Linne & Ringsrud's clinical laboratory science : concepts, procedures, and clinical applications (7th edition) |
| Statement of responsibility, etc. | By Mary Louise Turgeon |
| 250 ## - EDITION STATEMENT | |
| Edition statement | 7th edition |
| 260 ## - PUBLICATION, DISTRIBUTION, ETC. | |
| Place of publication, distribution, etc. | Missouri |
| Name of publisher, distributor, etc. | Elsevier Mosby |
| Date of publication, distribution, etc. | 2016 |
| 300 ## - PHYSICAL DESCRIPTION | |
| Extent | xiii, 668 pages : illustrations |
| 350 ## - | |
| -- | 88.15 |
| 650 ## - SUBJECT ADDED ENTRY--TOPICAL TERM | |
| Topical term or geographic name entry element | DIAGNOSIS, LABORATORY |
| 995 ## - | |
| -- | MEDICAL LIBRARY OPEN ACCESS |
| -- | 904399 |
| -- | CBU-SCHOOL OF MEDICINE LIBRARY (Ndola) |
| -- | 88.15 |
| -- | RB 37 Tur |
| -- | 1 |
| -- | AVAILABLE |
| -- | Nov 26, 2019 |
| -- | 904399 |
| -- | Main Library Open Access Collection |
| 999 ## - | |
| -- | 31918 |
| -- | 31918 |
| Withdrawn status | Lost status | Source of classification or shelving scheme | Damaged status | Not for loan | Permanent Location | Current Location | Shelving location | Date acquired | Total Checkouts | Full call number | Barcode | Date last seen | Price effective from | Koha item type |
|---|---|---|---|---|---|---|---|---|---|---|---|---|---|---|
| CBU-SCHOOL OF MEDICINE LIBRARY, NDOLA. | CBU-SCHOOL OF MEDICINE LIBRARY, NDOLA. | 11/30/2022 | RB 37 Tur | 904399 | 11/30/2022 | 11/30/2022 | MONOGRAPH |